<?xml version="1.0" encoding="UTF-8"?>
<marc:record xmlns:marc="http://www.loc.gov/MARC21/slim">
   <marc:leader>00000nam a2200000 a 4500</marc:leader>
   <marc:datafield ind1="0" ind2="0" tag="245">
      <marc:subfield code="a">Das kleine Gespenst</marc:subfield>
   </marc:datafield>
   <marc:datafield ind1=" " ind2="1" tag="264">
      <marc:subfield code="b">Huch</marc:subfield>
      <marc:subfield code="c">2022</marc:subfield>
   </marc:datafield>
   <marc:datafield ind1="1" ind2=" " tag="520">
      <marc:subfield code="a">Bevor die Geisterstunde wieder zu Ende ist, möchte das kleine Gespenst möglichst viele seiner Freunde besuchen. Doch das ist gar nicht so einfach, denn erst müssen dafür die richtigen Türen geöffnet werden! Die Spieler helfen dem Gespenst dabei und versuchen, die passenden Türen zu finden. Hier ist ein gutes Gedächtnis gefragt! Im Spiel führen die Kinder das Gespenst zu den Türen und können diese mit Hilfe eines kleinen Magnets öffnen.</marc:subfield>
   </marc:datafield>
   <marc:datafield ind1=" " ind2=" " tag="020">
      <marc:subfield code="a">4260071882059</marc:subfield>
      <marc:subfield code="9">4260071882059</marc:subfield>
   </marc:datafield>
   <marc:datafield ind1=" " ind2=" " tag="041">
      <marc:subfield code="a">ger</marc:subfield>
   </marc:datafield>
   <marc:datafield ind1=" " ind2=" " tag="500">
      <marc:subfield code="a">1x Spielbeschreibung</marc:subfield>
   </marc:datafield>
   <marc:datafield ind1="0" ind2=" " tag="490">
      <marc:subfield code="v">0</marc:subfield>
   </marc:datafield>
</marc:record>
